| 000 | 00497pab a2200169 454500 | ||
|---|---|---|---|
| 008 | 180718b2003 xxu||||| |||| 00| 0 eng d | ||
| 100 | _aHutton, David | ||
| 245 | _aPatterns of coping and adaptation among erosion-induced displacees in Bangladesh: implications for hazard analysis and mitigation | ||
| 260 | _c2003 | ||
| 300 | _ap.405-21. | ||
| 362 | _aJul | ||
| 650 | _aErosion - Bangladesh | ||
| 650 | _aErosion | ||
| 700 | _aHaque, C. Emdad | ||
| 773 | _aNatural Hazards | ||
| 909 | _a58155 | ||
| 999 |
_c58155 _d58155 |
||